00503nam a2200193 a 4500001001300000003000900013005001700022008004100039020002400080082002100104100001800125245002500143260003100168300000900199500003500208650002700243700002000270700001900290nice12345678IN_TiNIC20260116014345.0111117s2011 dela grp 000 0 eng  a9788189110314c129500a338.6340954bSAH aSahaya, Amita aGender & Development aDelhi bWomen Press c2011 a298p aincludes index and biblioraphy aWomen-Employment-india1 aSunita, Kaistha1 aVibhuti, Patel